Statistiques concernant Taylor Swift - I Can It With a Broken Heart

Cliquez ici pour prendre le quiz!

Statistiques générales

  • Ce quiz a été pris 14 fois
  • Le résultat moyen est 307 sur 369

Statistiques - réponses

Réponse% Correct
a
100%
birthday
100%
day
100%
every
100%
I
100%
I'm
100%
it"
100%
it
100%
it's
100%
like
100%
my
100%
so
100%
was
100%
act
91%
am
91%
an
91%
and
91%
And
91%
art
91%
broken
91%
but
91%
But
91%
camera,
91%
can
91%
chanting
91%
crowd
91%
cry
91%
depressed,
91%
do
91%
for
91%
he
91%
He
91%
heart
91%
his
91%
kid
91%
life
91%
life"
91%
Lights,
91%
lights
91%
lot,
91%
make
91%
"More!"
91%
obsessed
91%
productive,
91%
said
91%
said,
91%
the
91%
The
91%
when
91%
with
91%
You
91%
you
91%
your
91%
you're
91%
all
82%
All
82%
as
82%
avoids
82%
bitch,
82%
'Cause
82%
did
82%
die
82%
down,
82%
even
82%
Even
82%
fake
82%
good
82%
gotta
82%
handle
82%
her
82%
him,
82%
hit
82%
know
82%
love
82%
me
82%
mind
82%
of
82%
pieces
82%
plague
82%
read
82%
real
82%
shattered
82%
"She's
82%
shit
82%
short
82%
show
82%
smile
82%
that
82%
They
82%
'til
82%
time
82%
"Babe,
73%
Breaking
73%
floor
73%
having
73%
he'd
73%
hitting
73%
job
73%
knows!
73%
miserable!
73%
nobody
73%
too
73%
tough
73%
Try
73%
wanna
73%
come
64%
marks
64%
quite
64%
lies
55%
been
45%
breath
45%
he's
45%
hold
45%
I've
45%
since
45%
winning
45%
doing
36%
grinning
36%
in
36%
In
36%
left
36%
night
36%
stars
36%
whole
36%
finding
27%
glittering
27%
imagine
27%
keep
27%
miles
27%
off
27%
pass
27%
sequin
27%
silhouette
27%
stilettos
27%
sure
27%
test
27%
There
27%
thing
27%
things
27%
this
27%
Crucial
18%
didn't
18%
drawers
18%
evidence,
18%
prime
18%
refract
18%
bithday
0%

Distribution des résultats

Percentile par nombre de réponses

% des personnes avec chaque résultat

Votre développement - résultats

Vous n’avez pas pris ce quiz